[Event "88th UKR-ch"]
[Site "Lutsk UKR"]
[Date "2019.12.10"]
[Round "1"]
[White "Kuzubov, Yuriy"]
[Black "Kryvoruchko, Yuriy"]
[WhiteElo "2667"]
[BlackElo "2675"]
[Result "1/2-1/2"]
[EventDate "2019.12.10"]
[PlyCount "41"]

1. d4 Nf6 2. c4 e6 3. Nf3 d5 4. Nc3 Be7 5. Bf4 O-O 6. e3 b6 7. Bd3 dxc4 8. Bxc4 Ba6 9. Qe2 Bxc4 10. Qxc4 c5 11. O-O Qc8 12. Rac1 Qb7 13. dxc5 Bxc5 14. e4 Rc8 15. Qe2 Bb4 16. Nb5 Na6 17. a3 Bf8 18. Nd2 Rxc1 19. Rxc1 Nc5 20. e5 Nd5 21. Bg3 1/2-1/2

[Event "88th UKR-ch"]
[Site "Lutsk UKR"]
[Date "2019.12.10"]
[Round "1"]
[White "Moiseenko, Olexandr"]
[Black "Eljanov, Pavel"]
[WhiteElo "2623"]
[BlackElo "2663"]
[Result "1/2-1/2"]
[EventDate "2019.12.10"]
[PlyCount "54"]

1. d4 Nf6 2. c4 e6 3. Nf3 b6 4. g3 Bb7 5. Bg2 Be7 6. O-O O-O 7. d5 exd5 8. Nh4 c6 9. cxd5 Nxd5 10. Nf5 Nc7 11. e4 d5 12. Nc3 Bf6 13. exd5 cxd5 14. Bf4 Nba6 15. Re1 Bc8 16. Nd6 Be6 17. Nxd5 Nxd5 18. Bxd5 Bxd5 19. Qxd5 Bxb2 20. Rad1 Nc5 21. h4 h6 22. Re2 Qf6 23. Nxf7 Qxf7 24. Rxb2 Qxd5 25. Rxd5 Rfd8 26. Rbd2 Rxd5 27. Rxd5 Kf7 1/2-1/2

[Event "88th UKR-ch"]
[Site "Lutsk UKR"]
[Date "2019.12.10"]
[Round "1"]
[White "Shtembuliak, Evgeny"]
[Black "Volokytin, Andriy"]
[WhiteElo "2600"]
[BlackElo "2641"]
[Result "1-0"]
[EventDate "2019.12.10"]
[PlyCount "69"]

1. d4 Nf6 2. c4 e6 3. Nf3 d5 4. Nc3 c5 5. cxd5 Nxd5 6. e4 Nxc3 7. bxc3 cxd4 8. cxd4 Bb4+ 9. Bd2 Bxd2+ 10. Qxd2 O-O 11. Bc4 Nd7 12. O-O b6 13. Rfe1 Bb7 14. Rad1 Rc8 15. Bb3 Re8 16. d5 exd5 17. exd5 Qf6 18. Rxe8+ Rxe8 19. Ba4 Rd8 20. Bc6 Nc5 21. Nd4 Ba6 22. Qe3 Bc4 23. h3 Bxa2 24. Nb5 a5 25. Nc7 Qh6 26. Qe2 Qf4 27. Ne8 Bb3 28. Re1 h6 29. Qb2 f6 30. Re3 Kf8 31. Rf3 Qg5 32. h4 Qxh4 33. Nxf6 gxf6 34. Rxf6+ Kg8 35. Rg6+ 1-0

[Event "88th UKR-ch"]
[Site "Lutsk UKR"]
[Date "2019.12.10"]
[Round "1"]
[White "Vysochin, Spartak"]
[Black "Bernadskyi, Vitalii"]
[WhiteElo "2512"]
[BlackElo "2593"]
[Result "1-0"]
[EventDate "2019.12.10"]
[PlyCount "119"]

1. e4 e5 2. Bc4 Nf6 3. d3 c6 4. Nf3 d6 5. O-O h6 6. Re1 Nbd7 7. c3 g6 8. d4 Bg7 9. dxe5 dxe5 10. a4 O-O 11. Nbd2 Qe7 12. Bf1 Rd8 13. Qc2 b6 14. Nc4 Bb7 15. b4 c5 16. Ba3 Bxe4 17. Rxe4 Nxe4 18. Qxe4 f5 19. Qe1 e4 20. bxc5 Nxc5 21. Nd4 Qf6 22. a5 Kh7 23. Rb1 Na4 24. axb6 axb6 25. Bb4 Rac8 26. g3 Qf7 27. Ne3 Bxd4 28. cxd4 Rxd4 29. Bb5 Nc5 30. Qc3 Rdd8 31. Bc4 Qb7 32. Bxc5 Rxc5 33. Bg8+ Rxg8 34. Qxc5 bxc5 35. Rxb7+ Rg7 36. Rb6 Rf7 37. Rc6 g5 38. Nd5 Kg7 39. Nc3 Re7 40. Nd5 Rf7 41. Rxc5 f4 42. Nc3 e3 43. fxe3 fxg3 44. h3 Rf2 45. Ne4 Rh2 46. Nxg3 Rxh3 47. Kg2 g4 48. e4 Kg6 49. e5 h5 50. Rc6+ Kg5 51. Rf6 Kh4 52. Ne4 Re3 53. Rf4 Re2+ 54. Kf1 Ra2 55. e6 Ra5 56. Nd6 Kg3 57. Re4 Ra1+ 58. Re1 Ra2 59. Ne4+ Kh2 60. Re2+ 1-0

[Event "88th UKR-ch"]
[Site "Lutsk UKR"]
[Date "2019.12.11"]
[Round "2"]
[White "Eljanov, Pavel"]
[Black "Vysochin, Spartak"]
[WhiteElo "2663"]
[BlackElo "2512"]
[Result "1-0"]
[EventDate "2019.12.10"]
[PlyCount "83"]

1. d4 d5 2. c4 c6 3. Nf3 Nf6 4. Nc3 dxc4 5. a4 e6 6. e3 c5 7. Bxc4 Nc6 8. O-O cxd4 9. Nxd4 Bd7 10. e4 Nxd4 11. Qxd4 Bc6 12. Qe3 Qa5 13. Bb5 Bxb5 14. Nxb5 Bb4 15. e5 Nd5 16. Qg3 Kf8 17. Be3 h5 18. h3 a6 19. Nd6 Qc7 20. Rac1 Qd7 21. Bc5 Bxc5 22. Rxc5 h4 23. Qf3 g6 24. Rfc1 Kg7 25. Qg4 Rad8 26. a5 Rh5 27. Qd4 Qe7 28. f4 Kg8 29. Rc8 Kg7 30. R8c5 Kg8 31. Kh2 Rh8 32. b4 Kh7 33. b5 Rxd6 34. exd6 Qxd6 35. Qe5 Rd8 36. b6 Nxf4 37. Qxd6 Rxd6 38. Rc7 Kg7 39. R1c2 Nh5 40. Rf2 Ng3 41. Rfxf7+ Kh6 42. Rfd7 1-0

[Event "88th UKR-ch"]
[Site "Lutsk UKR"]
[Date "2019.12.11"]
[Round "2"]
[White "Kryvoruchko, Yuriy"]
[Black "Moiseenko, Olexandr"]
[WhiteElo "2675"]
[BlackElo "2623"]
[Result "1-0"]
[EventDate "2019.12.10"]
[PlyCount "49"]

1. e4 c5 2. Nf3 Nc6 3. Nc3 e5 4. Bc4 Be7 5. d3 Nf6 6. Ng5 O-O 7. h4 Na5 8. f4 Nxc4 9. dxc4 d6 10. f5 h6 11. Qf3 Bd7 12. Nh3 b5 13. g4 b4 14. Nd1 Bc6 15. Nhf2 Nxe4 16. Nxe4 Bxh4+ 17. Ndf2 Bxf2+ 18. Kxf2 d5 19. Bxh6 dxe4 20. Qh3 f6 21. Be3 Qe7 22. Qh7+ Kf7 23. Qg6+ Kg8 24. Rh7 Be8 25. Rah1 1-0

[Event "88th UKR-ch"]
[Site "Lutsk UKR"]
[Date "2019.12.12"]
[Round "3"]
[White "Bernadskyi, Vitalii"]
[Black "Eljanov, Pavel"]
[WhiteElo "2593"]
[BlackElo "2663"]
[Result "1/2-1/2"]
[EventDate "2019.12.10"]
[PlyCount "32"]

1. e4 e5 2. Nf3 Nc6 3. Nc3 Nf6 4. d4 exd4 5. Nxd4 Bb4 6. Nxc6 bxc6 7. Bd3 d5 8. exd5 cxd5 9. O-O O-O 10. h3 c6 11. Qf3 Bd6 12. Bf4 Rb8 13. b3 Qc7 14. Bxd6 Qxd6 15. Rfe1 Bd7 16. Ne2 Rfe8 1/2-1/2

[Event "88th UKR-ch"]
[Site "Lutsk UKR"]
[Date "2019.12.12"]
[Round "3"]
[White "Kovchan, Alexander"]
[Black "Volokytin, Andriy"]
[WhiteElo "2572"]
[BlackElo "2641"]
[Result "1/2-1/2"]
[EventDate "2019.12.10"]
[PlyCount "36"]

1. Nf3 d5 2. d4 Nf6 3. g3 Bf5 4. Bg2 e6 5. Nbd2 h6 6. b3 c5 7. Bb2 Nc6 8. O-O Qb6 9. dxc5 Bxc5 10. e3 Be7 11. Nd4 Bg4 12. Qb1 Nxd4 13. Bxd4 Qa5 14. c3 Bf5 15. Qd1 O-O 16. Qe2 Rac8 17. h3 Rfd8 18. Rfd1 Qc7 1/2-1/2

[Event "88th UKR-ch"]
[Site "Lutsk UKR"]
[Date "2019.12.12"]
[Round "3"]
[White "Kuzubov, Yuriy"]
[Black "Shtembuliak, Evgeny"]
[WhiteElo "2667"]
[BlackElo "2600"]
[Result "0-1"]
[EventDate "2019.12.10"]
[PlyCount "122"]

1. d4 d5 2. c4 e6 3. Nc3 Bb4 4. e3 Nf6 5. Nge2 O-O 6. a3 Bd6 7. Ng3 dxc4 8. Bxc4 e5 9. d5 Re8 10. e4 a6 11. O-O Nbd7 12. Nf5 Bf8 13. Ba2 Nb6 14. Ng3 Bd6 15. h3 Bd7 16. Qf3 Nc8 17. Bg5 Be7 18. Be3 Nd6 19. Rac1 h6 20. Qe2 Nh7 21. Rc2 Bg5 22. Rfc1 Rc8 23. Bb3 g6 24. Bxg5 Qxg5 25. Ba4 b5 26. Bb3 f5 27. Nf1 f4 28. Qd3 Qh4 29. Nh2 Ng5 30. f3 Kh8 31. Kh1 h5 32. Ne2 Bxh3 33. gxh3 Nxh3 34. Ng1 Nf2+ 35. Rxf2 Qxf2 36. Rc2 Qh4 37. Rg2 g5 38. Bd1 Re7 39. b3 Rg8 40. Be2 a5 41. Qb1 b4 42. a4 Rg6 43. Qa1 Kg7 44. Qc1 Kh7 45. Qa1 Kh8 46. Qb2 Kg7 47. Qa1 Kf6 48. Qc1 Rg8 49. Qc5 Reg7 50. Qxa5 g4 51. fxg4 hxg4 52. Bxg4 Rxg4 53. Rxg4 Rxg4 54. Qxc7 Nxe4 55. Qc2 Ng3+ 56. Kg2 Ne2+ 57. Nxg4+ Qxg4+ 58. Kf1 Nxg1 59. Qc6+ Kg5 60. Qe8 Qd1+ 61. Kg2 f3+ 0-1

[Event "88th UKR-ch"]
[Site "Lutsk UKR"]
[Date "2019.12.12"]
[Round "3"]
[White "Vysochin, Spartak"]
[Black "Kryvoruchko, Yuriy"]
[WhiteElo "2512"]
[BlackElo "2675"]
[Result "1/2-1/2"]
[EventDate "2019.12.10"]
[PlyCount "32"]

1. e4 c5 2. Nf3 Nc6 3. Bb5 g6 4. O-O Bg7 5. c3 Nf6 6. Re1 O-O 7. h3 a6 8. Bxc6 dxc6 9. d4 Nd7 10. Be3 cxd4 11. cxd4 e5 12. Nc3 b5 13. Qd2 exd4 14. Bxd4 Ne5 15. Nxe5 Bxe5 16. Rad1 Bxd4 1/2-1/2

[Event "88th UKR-ch"]
[Site "Lutsk UKR"]
[Date "2019.12.13"]
[Round "4"]
[White "Kovchan, Alexander"]
[Black "Kuzubov, Yuriy"]
[WhiteElo "2572"]
[BlackElo "2667"]
[Result "1/2-1/2"]
[EventDate "2019.12.10"]
[PlyCount "176"]

1. Nf3 d5 2. d4 Nf6 3. g3 Bg4 4. Bg2 e6 5. O-O Nbd7 6. Nbd2 Be7 7. Re1 O-O 8. e4 c5 9. exd5 Nxd5 10. Nc4 Rc8 11. c3 cxd4 12. Qxd4 Bxf3 13. Bxf3 Bf6 14. Qd3 N5b6 15. Ne3 Ne5 16. Qe4 Nxf3+ 17. Qxf3 Qc7 18. Ng4 Be7 19. Be3 Qc6 20. Qxc6 bxc6 21. Rad1 c5 22. Ne5 Rc7 23. Bf4 Rfc8 24. b3 f6 25. Nc4 e5 26. Be3 Nxc4 27. bxc4 Rb7 28. f4 exf4 29. Bxf4 Rc6 30. Rb1 Rxb1 31. Rxb1 Ra6 32. Rb7 Kf8 33. Bb8 Rxa2 34. Rxa7 Rxa7 35. Bxa7 Bd6 36. Kg2 f5 37. h3 Ke7 38. Bb6 g5 39. g4 f4 40. Kf3 Kd7 41. Ke4 Kc8 42. Kd3 Be7 43. Kd2 Kb7 44. Ba5 Kc6 45. Kd3 Bf6 46. Kd2 h6 47. Kd3 Kd6 48. Bb6 Be5 49. Bd8 Ke6 50. Bb6 Bd6 51. Ke4 Kf6 52. Bd8+ Kf7 53. Ba5 Be7 54. Bb6 Kg6 55. Kd3 h5 56. Ke4 h4 57. Kd3 Kf6 58. Ke4 Ke6 59. Bc7 Kd7 60. Be5 Kc6 61. Kd3 Kb6 62. Kc2 Ka5 63. Bc7+ Ka4 64. Be5 Ka3 65. Bc7 Ka2 66. Be5 Ka1 67. Kc1 Ka2 68. Kc2 f3 69. Kd3 Kb3 70. Ke3 Kxc4 71. Kxf3 Kd3 72. Kf2 c4 73. Bd4 Bd6 74. Be3 Be7 75. Bd4 Bd8 76. Kf3 Ba5 77. Bf6 Bxc3 78. Bxg5 Be5 79. Bxh4 c3 80. Bg5 c2 81. Bc1 Bc3 82. g5 Bd2 83. g6 Bxc1 84. g7 Bb2 85. g8=Q c1=Q 86. Qg6+ Kc3 87. Qc6+ Kb3 88. Qxc1 Bxc1 1/2-1/2

[Event "88th UKR-ch"]
[Site "Lutsk UKR"]
[Date "2019.12.13"]
[Round "4"]
[White "Kryvoruchko, Yuriy"]
[Black "Bernadskyi, Vitalii"]
[WhiteElo "2675"]
[BlackElo "2593"]
[Result "1-0"]
[EventDate "2019.12.10"]
[PlyCount "103"]

1. e4 c5 2. Nf3 Nc6 3. Bb5 e5 4. O-O Bd6 5. c3 Nge7 6. d4 cxd4 7. cxd4 exd4 8. Nxd4 Qc7 9. Nf3 a6 10. Be2 O-O 11. Nc3 Ne5 12. g3 b5 13. Bg5 f6 14. Nxe5 Bxe5 15. Nd5 Nxd5 16. Qxd5+ Kh8 17. Bxf6 Bxf6 18. Qxa8 Bxb2 19. Rad1 Ba3 20. Qd5 d6 21. Rd3 Bc5 22. Rf3 Re8 23. Bd3 g6 24. Rf7 Qd8 25. Qc6 Be6 26. Rc7 Bxa2 27. Kg2 Rf8 28. f4 Bg8 29. Rc1 Qf6 30. Qxa6 Qb2+ 31. Rc2 Qd4 32. Qxb5 Qg1+ 33. Kh3 Be6+ 34. f5 gxf5 35. exf5 Rf6 36. Qe8+ Bg8 37. Qh5 Qd4 38. Re2 d5 39. Re8 Bf8 40. Rxf8 Rxf8 41. Qh6 Qf6 42. Qxf6+ Rxf6 43. Kg4 Rh6 44. h3 Rb6 45. Kf4 Rb4+ 46. Ke3 Rb6 47. g4 h6 48. Rd7 Rf6 49. h4 Rb6 50. g5 hxg5 51. hxg5 Rb8 52. g6 1-0

[Event "88th UKR-ch"]
[Site "Lutsk UKR"]
[Date "2019.12.13"]
[Round "4"]
[White "Shtembuliak, Evgeny"]
[Black "Moiseenko, Olexandr"]
[WhiteElo "2600"]
[BlackElo "2623"]
[Result "1-0"]
[EventDate "2019.12.10"]
[PlyCount "129"]

1. c4 c5 2. Nf3 Nc6 3. Nc3 g6 4. e3 Bg7 5. d4 d6 6. d5 Na5 7. e4 Nf6 8. h3 O-O 9. Bd3 e5 10. Bg5 h6 11. Bd2 b6 12. Qc1 Kh7 13. g4 Ng8 14. Rg1 a6 15. b3 Bd7 16. Qc2 Rb8 17. Ne2 Qf6 18. Rg3 Qd8 19. Rb1 b5 20. Rg1 bxc4 21. bxc4 Rxb1+ 22. Qxb1 Qc7 23. Qb2 Nb7 24. Ng3 Rb8 25. Ke2 Nd8 26. Qa3 Qc8 27. Rb1 Rxb1 28. Bxb1 Qb7 29. Bc2 f6 30. Ba4 Bc8 31. Qb3 Qxb3 32. axb3 Nb7 33. Bc6 Ne7 34. Bxb7 Bxb7 35. Ba5 Bf8 36. Bc7 Ng8 37. h4 Bc8 38. Nh2 h5 39. gxh5 gxh5 40. f4 exf4 41. Nxh5 Nh6 42. Nxf4 Nf7 43. Ne6 Be7 44. Ng4 Kg6 45. Ne3 Nh6 46. Kf3 f5 47. h5+ Kf6 48. exf5 Nxf5 49. Nxf5 Kxf5 50. Bd8 Bxe6 51. Bxe7 Bf7 52. h6 Bh5+ 53. Ke3 Kg6 54. Kd2 Kxh6 55. Bxd6 Kg6 56. Bxc5 Kf5 57. Kd3 Ke5 58. Bd4+ Kd6 59. Bb6 Bd1 60. b4 Bb3 61. Kd4 Ba4 62. Ba5 Be8 63. c5+ Kd7 64. Ke5 Ke7 65. c6 1-0

[Event "88th UKR-ch"]
[Site "Lutsk UKR"]
[Date "2019.12.13"]
[Round "4"]
[White "Volokytin, Andriy"]
[Black "Eljanov, Pavel"]
[WhiteElo "2641"]
[BlackElo "2663"]
[Result "1-0"]
[EventDate "2019.12.10"]
[PlyCount "113"]

1. e4 c5 2. Nf3 e6 3. d4 cxd4 4. Nxd4 Nf6 5. Nc3 Nc6 6. Nxc6 bxc6 7. e5 Nd5 8. Ne4 Qc7 9. f4 Qb6 10. c4 Bb4+ 11. Ke2 f5 12. exf6 Nxf6 13. Be3 Qd8 14. Nd6+ Bxd6 15. Qxd6 Bb7 16. Rd1 Rc8 17. Rg1 c5 18. g4 Qc7 19. g5 Ne4 20. Qe5 d6 21. Qxe6+ Kd8 22. g6 Re8 23. gxh7 Rxe6 24. h8=Q+ Re8 25. Qxg7 Qb6 26. Rg6 Rc7 27. Rgxd6+ Nxd6 28. Qf6+ Kc8 29. Rxd6 Qb4 30. Bh3+ Kb8 31. Be6 Bc8 32. b3 Qa3 33. f5 Qxa2+ 34. Rd2 Qb1 35. Rd8 Qc2+ 36. Kf3 Rxd8 37. Qxd8 Qxb3 38. f6 Rc6 39. Bxc8 Rxc8 40. Qd5 Re8 41. Qd6+ Kc8 42. Qxc5+ Kd8 43. Qd4+ Kc8 44. h4 Qb7+ 45. Qd5 Qxd5+ 46. cxd5 Rf8 47. Bd4 Kd7 48. Kf4 Ke8 49. Ke5 Kf7 50. d6 Re8+ 51. Kd5 Rd8 52. h5 a5 53. h6 a4 54. h7 a3 55. Kc6 Rc8+ 56. Kb7 Rh8 57. d7 1-0

[Event "88th UKR-ch"]
[Site "Lutsk UKR"]
[Date "2019.12.14"]
[Round "5"]
[White "Eljanov, Pavel"]
[Black "Kryvoruchko, Yuriy"]
[WhiteElo "2663"]
[BlackElo "2675"]
[Result "1/2-1/2"]
[EventDate "2019.12.10"]
[PlyCount "40"]

1. d4 Nf6 2. c4 e6 3. Nf3 d5 4. g3 Be7 5. Bg2 O-O 6. O-O dxc4 7. Qc2 a6 8. a4 Bd7 9. Qxc4 Bc6 10. Bg5 Bd5 11. Qc2 Be4 12. Qc1 h6 13. Bxf6 Bxf6 14. Rd1 a5 15. Nbd2 Bxf3 16. Bxf3 c6 17. Nc4 Na6 18. e3 Nb4 19. Qd2 Qc7 20. Qe2 Rad8 1/2-1/2

[Event "88th UKR-ch"]
[Site "Lutsk UKR"]
[Date "2019.12.14"]
[Round "5"]
[White "Kuzubov, Yuriy"]
[Black "Volokytin, Andriy"]
[WhiteElo "2667"]
[BlackElo "2641"]
[Result "0-1"]
[EventDate "2019.12.10"]
[PlyCount "152"]

1. d4 Nf6 2. c4 e6 3. Nc3 Bb4 4. e3 O-O 5. Nge2 c6 6. a3 Ba5 7. b4 Bc7 8. e4 d5 9. e5 Nfd7 10. cxd5 exd5 11. f4 Qe7 12. Qc2 Bb6 13. Na4 f6 14. Nxb6 axb6 15. Bb2 b5 16. Ng3 fxe5 17. fxe5 Nb6 18. Bd3 Qh4 19. O-O-O Bg4 20. Rdf1 Na6 21. Kb1 Nc4 22. Bc1 Nc7 23. Qc3 g6 24. Bc2 Rxf1 25. Rxf1 Qxh2 26. Qe1 Ne6 27. Rf6 Qxg2 28. Bxg6 hxg6 29. Rxg6+ Kf7 30. Rxg4 Rxa3 31. Qe2 Rb3+ 32. Ka2 Qxe2+ 33. Nxe2 Rxb4 34. Rh4 Kg7 35. Ng3 Ra4+ 36. Kb1 Na3+ 37. Kb2 Nc4+ 38. Kb1 c5 39. Nf5+ Kf7 40. Rh6 Nxd4 41. Nxd4 cxd4 42. e6+ Kg7 43. e7 Ra8 44. Rh5 Re8 45. Rxd5 Rxe7 46. Rxd4 Kf6 47. Rd5 Re5 48. Rd7 Na5 49. Bd2 Ke6 50. Rh7 Nc4 51. Bc3 Re3 52. Kc2 b6 53. Rh6+ Kd5 54. Rh5+ Kc6 55. Rh6+ Kb7 56. Rh8 Rg3 57. Bb4 Ne3+ 58. Kb2 Nd5 59. Rh7+ Ka6 60. Rh4 Rf3 61. Rd4 Ne3 62. Rh4 Nc4+ 63. Kc2 Rf7 64. Kb3 Na5+ 65. Kb2 Rf2+ 66. Kc3 Rf6 67. Kb2 Rc6 68. Be1 Rc4 69. Rh5 Re4 70. Bc3 b4 71. Bf6 Re2+ 72. Kc1 Nc4 73. Rh3 Kb5 74. Bg7 Ka4 75. Rh4 Kb3 76. Bf8 Re1# 0-1

[Event "88th UKR-ch"]
[Site "Lutsk UKR"]
[Date "2019.12.14"]
[Round "5"]
[White "Moiseenko, Olexandr"]
[Black "Kovchan, Alexander"]
[WhiteElo "2623"]
[BlackElo "2572"]
[Result "1/2-1/2"]
[EventDate "2019.12.10"]
[PlyCount "43"]

1. d4 Nf6 2. c4 g6 3. Nc3 d5 4. cxd5 Nxd5 5. e4 Nxc3 6. bxc3 Bg7 7. Qa4+ Qd7 8. Bb5 c6 9. Bd3 b6 10. Nf3 Bb7 11. O-O c5 12. Bb5 Bc6 13. Bxc6 Qxc6 14. Qb3 O-O 15. Bg5 e6 16. d5 c4 17. Qd1 Qd6 18. Qd2 Nd7 19. Bh6 Rac8 20. dxe6 Qxe6 21. Bxg7 Kxg7 22. Qd4+ 1/2-1/2

[Event "88th UKR-ch"]
[Site "Lutsk UKR"]
[Date "2019.12.14"]
[Round "5"]
[White "Vysochin, Spartak"]
[Black "Shtembuliak, Evgeny"]
[WhiteElo "2512"]
[BlackElo "2600"]
[Result "1/2-1/2"]
[EventDate "2019.12.10"]
[PlyCount "46"]

1. e4 g6 2. d4 Bg7 3. Nf3 d6 4. Bc4 Nf6 5. Qe2 O-O 6. O-O Bg4 7. Rd1 Nc6 8. c3 e5 9. h3 Bxf3 10. Qxf3 exd4 11. cxd4 Nd7 12. Be3 Nb6 13. Bb3 Na5 14. Bc2 Nac4 15. Bc1 c5 16. dxc5 Nxb2 17. Rxd6 Qc7 18. Nc3 N2c4 19. Rd1 Qxc5 20. Rb1 Rac8 21. Na4 Nxa4 22. Bxa4 Qa5 23. Bb3 b5 1/2-1/2

[Event "88th UKR-ch"]
[Site "Lutsk UKR"]
[Date "2019.12.16"]
[Round "6"]
[White "Kuzubov, Yuriy"]
[Black "Moiseenko, Olexandr"]
[WhiteElo "2667"]
[BlackElo "2623"]
[Result "1/2-1/2"]
[EventDate "2019.12.10"]
[PlyCount "207"]

1. c4 c5 2. Nf3 Nc6 3. Nc3 e5 4. d3 g6 5. Bg5 f6 6. Bd2 d6 7. g3 Bg7 8. Bg2 Nge7 9. O-O O-O 10. Ne1 Be6 11. Nd5 Qd7 12. Nxe7+ Nxe7 13. b4 Bh3 14. bxc5 Bxg2 15. Nxg2 dxc5 16. Rb1 f5 17. Qb3 b6 18. a4 Nc6 19. Bc3 f4 20. f3 Qh3 21. a5 fxg3 22. hxg3 Qxg3 23. Qa4 Bh6 24. Be1 Be3+ 25. Bf2 Nd4 26. Rb2 Nf5 27. Qc6 Rae8 28. Qe4 Bxf2+ 29. Rxf2 Qg5 30. e3 bxa5 31. Rb7 Qh6 32. Rfb2 Ng3 33. Qg4 Qh1+ 34. Kf2 e4 35. f4 Nf5 36. dxe4 Nd6 37. Rb1 Nxe4+ 38. Kf3 Nd2+ 39. Kg3 Ne4+ 40. Kf3 Nd2+ 41. Kg3 Nxb1 42. Qd7 Qh6 43. Qd5+ Kh8 44. Qxc5 g5 45. Rxb1 gxf4+ 46. Nxf4 Rxf4 47. exf4 Qg6+ 48. Kh4 Qxb1 49. Qd4+ Kg8 50. Qd5+ Kg7 51. Qd7+ Kf8 52. Qd6+ Re7 53. Qd8+ Kf7 54. Qd5+ Re6 55. Qd7+ Kf6 56. Qd8+ Kf5 57. Qd5+ Kxf4 58. Qg5+ Ke4 59. Qd5+ Ke3 60. Qg5+ Kd4 61. Qd5+ Kc3 62. Qxe6 Qh1+ 63. Kg5 Qg1+ 64. Kh4 Qd4+ 65. Kh3 Qxc4 66. Qe1+ Kb2 67. Qf2+ Kb3 68. Qxa7 Qd3+ 69. Kh4 Qe4+ 70. Kh5 a4 71. Qf7+ Kc3 72. Qc7+ Kb3 73. Qg3+ Kc4 74. Qc7+ Kb5 75. Qb8+ Kc4 76. Qc7+ Kd3 77. Qd6+ Ke3 78. Qa3+ Kf2 79. Qc5+ Qe3 80. Qf5+ Qf3+ 81. Kh4 a3 82. Qc2+ Kg1 83. Qc1+ Kg2 84. Qg5+ Kf2 85. Qd2+ Kg1 86. Qc1+ Kf2 87. Qd2+ Kg1 88. Qc1+ Kg2 89. Qg5+ Kf2 90. Qd2+ Kf1 91. Qc1+ Ke2 92. Qc2+ Ke3 93. Qc3+ Kf2 94. Qd2+ Qe2 95. Qf4+ Qf3 96. Qd2+ Kg1 97. Qc1+ Kg2 98. Qg5+ Kh2 99. Qd2+ Kh1 100. Qc1+ Kh2 101. Qd2+ Qg2 102. Qd6+ Kg1 103. Qxa3 Qe4+ 104. Kh3 1/2-1/2

[Event "88th UKR-ch"]
[Site "Lutsk UKR"]
[Date "2019.12.16"]
[Round "6"]
[White "Shtembuliak, Evgeny"]
[Black "Bernadskyi, Vitalii"]
[WhiteElo "2600"]
[BlackElo "2593"]
[Result "1/2-1/2"]
[EventDate "2019.12.10"]
[PlyCount "116"]

1. d4 d5 2. c4 e6 3. Nc3 c6 4. e3 Nd7 5. Nf3 f5 6. Bd3 Nh6 7. h3 Bd6 8. g4 O-O 9. cxd5 exd5 10. g5 Nf7 11. h4 g6 12. Kf1 Re8 13. Ne2 Nf8 14. Nf4 a5 15. Bd2 b6 16. Rc1 Bd7 17. a3 Qe7 18. Bb1 Ne6 19. h5 Bxf4 20. exf4 c5 21. dxc5 bxc5 22. hxg6 hxg6 23. Nh4 Nf8 24. b4 axb4 25. axb4 cxb4 26. Be3 Qd6 27. Nf3 Ne6 28. Rh4 Bb5+ 29. Bd3 Bc4 30. Kg2 Bxd3 31. Qxd3 d4 32. Bd2 Qd5 33. Bxb4 Rab8 34. Rc4 Rb7 35. Bd2 Reb8 36. Rxd4 Nxd4 37. Qxd4 Qxd4 38. Nxd4 Rd8 39. Nf3 Rd3 40. Be3 Rb2 41. Bd4 Rbb3 42. Be3 Rd1 43. Rh2 Rbd3 44. Bc5 Rd7 45. Rh3 R1d5 46. Be3 Nh8 47. Ne5 Rh7 48. Rg3 Rd1 49. Bc5 Rhh1 50. Be7 Rhg1+ 51. Kh2 Rh1+ 52. Kg2 Nf7 53. Nxg6 Kg7 54. Ne5 Nxe5 55. Bf6+ Kg6 56. Bxe5 Rb1 57. Re3 Rbg1+ 58. Kf3 Rh3+ 1/2-1/2

[Event "88th UKR-ch"]
[Site "Lutsk UKR"]
[Date "2019.12.16"]
[Round "6"]
[White "Volokytin, Andriy"]
[Black "Kryvoruchko, Yuriy"]
[WhiteElo "2641"]
[BlackElo "2675"]
[Result "1/2-1/2"]
[EventDate "2019.12.10"]
[PlyCount "151"]

1. e4 e5 2. Nf3 Nc6 3. Bc4 Bc5 4. c3 Nf6 5. d3 d6 6. O-O a6 7. Re1 O-O 8. h3 Ba7 9. Bb3 h6 10. Nbd2 Re8 11. Nf1 Be6 12. Bc2 d5 13. exd5 Nxd5 14. Ng3 Qd6 15. Nh4 Qe7 16. Qh5 Rad8 17. d4 Nf4 18. Bxf4 exf4 19. Nf1 Rd5 20. Qxd5 Bxd5 21. Rxe7 Nxe7 22. Nd2 Nc8 23. Bb3 Bxb3 24. axb3 c5 25. d5 Nb6 26. c4 Bb8 27. Nhf3 Nd7 28. Kf1 g5 29. Ne1 f5 30. Nd3 Bd6 31. Rc1 Ne5 32. Nxe5 Bxe5 33. Rc2 Kf7 34. Nf3 Bd6 35. Ne1 Re4 36. Re2 Ke7 37. Nd3 Kd7 38. Ke1 b6 39. f3 Re3 40. Kd2 Rxe2+ 41. Kxe2 Ke7 42. Kd2 b5 43. b4 bxc4 44. Nxc5 Be5 45. Nxa6 Kd6 46. Kc2 Kxd5 47. b3 Bd6 48. b5 cxb3+ 49. Kxb3 h5 50. Ka4 g4 51. Ka5 Kd4 52. Kb6 Ke3 53. Kc6 Kf2 54. Kxd6 Kxg2 55. hxg4 fxg4 56. Nc5 gxf3 57. Nd3 f2 58. Nxf2 Kxf2 59. b6 f3 60. b7 Kg2 61. b8=Q f2 62. Qb7+ Kg1 63. Qg7+ Kh2 64. Qe5+ Kg2 65. Qg5+ Kh2 66. Qf4+ Kg2 67. Qe4+ Kg1 68. Qe3 Kg2 69. Qe2 Kg1 70. Qe3 Kg2 71. Qg5+ Kh2 72. Qxh5+ Kg2 73. Qg4+ Kh2 74. Qf3 Kg1 75. Qg3+ Kh1 76. Qxf2 1/2-1/2

[Event "88th UKR-ch"]
[Site "Lutsk UKR"]
[Date "2019.12.17"]
[Round "7"]
[White "Vysochin, Spartak"]
[Black "Kuzubov, Yuriy"]
[WhiteElo "2512"]
[BlackElo "2667"]
[Result "1/2-1/2"]
[EventDate "2019.12.10"]
[PlyCount "51"]

1. e4 c5 2. c3 Nf6 3. e5 Nd5 4. Nf3 d6 5. d4 cxd4 6. cxd4 dxe5 7. dxe5 Nc6 8. Bc4 Ndb4 9. O-O Qxd1 10. Rxd1 Bg4 11. Nc3 e6 12. Be2 Nc2 13. Rb1 Bb4 14. Bf4 Bxf3 15. Bxf3 N2d4 16. Bxc6+ Nxc6 17. Ne4 Be7 18. Be3 Rd8 19. f4 b6 20. Kf1 Nb4 21. Nc3 f6 22. exf6 Bxf6 23. Rxd8+ Kxd8 24. Rd1+ Ke7 25. Bd4 Rc8 26. Ke2 1/2-1/2

[Event "88th UKR-ch"]
[Site "Lutsk UKR"]
[Date "2019.12.18"]
[Round "8"]
[White "Kovchan, Alexander"]
[Black "Eljanov, Pavel"]
[WhiteElo "2572"]
[BlackElo "2663"]
[Result "1/2-1/2"]
[EventDate "2019.12.10"]
[PlyCount "37"]

1. e4 e5 2. Nf3 Nc6 3. Bb5 Nf6 4. O-O Nxe4 5. Re1 Nd6 6. Nxe5 Be7 7. Bf1 Nxe5 8. Rxe5 O-O 9. d4 Bf6 10. Re1 Re8 11. c3 Rxe1 12. Qxe1 Ne8 13. Nd2 d5 14. Nf3 Bf5 15. Bf4 Nd6 16. Qe3 c6 17. Re1 Ne4 18. Nd2 Nxd2 19. Qxd2 1/2-1/2

[Event "88th UKR-ch"]
[Site "Lutsk UKR"]
[Date "2019.12.18"]
[Round "8"]
[White "Kuzubov, Yuriy"]
[Black "Bernadskyi, Vitalii"]
[WhiteElo "2667"]
[BlackElo "2593"]
[Result "1-0"]
[EventDate "2019.12.10"]
[PlyCount "109"]

1. d4 e6 2. c4 b6 3. e4 Bb7 4. Bd3 f5 5. exf5 Bb4+ 6. Kf1 Nf6 7. Ne2 Nc6 8. a3 Bd6 9. Nbc3 O-O 10. f3 exf5 11. Nb5 Nh5 12. Nxd6 cxd6 13. d5 Ne5 14. Ng3 Qh4 15. Nxh5 Qxh5 16. Be2 Rae8 17. Qd4 Re7 18. Bd2 Rfe8 19. Re1 f4 20. a4 Qh4 21. Qf2 Qf6 22. Bc3 Qf5 23. Qd4 Ba6 24. Rc1 Qg6 25. Qxf4 Rf7 26. Qg3 Ng4 27. Re1 Ne3+ 28. Kf2 Qc2 29. Kg1 Rfe7 30. Bf1 Nf5 31. Rxe7 Rxe7 32. Qf2 Qxa4 33. g4 Ne3 34. Qh4 Qd1 35. Kf2 Qc2+ 36. Kg3 Kf7 37. Qh5+ Kf8 38. Qg5 Bxc4 39. Bxg7+ Rxg7 40. Qd8+ Kf7 41. Qxd7+ Kf8 42. Qc8+ Ke7 43. Qe6+ Kf8 44. Qxe3 Bxd5 45. Qf4+ Kg8 46. Qxd6 Qb3 47. Qd8+ Kf7 48. Qd7+ Kf8 49. Qc8+ Kf7 50. Be2 Be6 51. Qc7+ Kf6 52. Qf4+ Ke7 53. Re1 Bxg4 54. Bc4+ Be6+ 55. Kh4 1-0

[Event "88th UKR-ch"]
[Site "Lutsk UKR"]
[Date "2019.12.18"]
[Round "8"]
[White "Moiseenko, Olexandr"]
[Black "Vysochin, Spartak"]
[WhiteElo "2623"]
[BlackElo "2512"]
[Result "1-0"]
[EventDate "2019.12.10"]
[PlyCount "85"]

1. d4 d5 2. c4 c6 3. Nc3 dxc4 4. e4 b5 5. a4 b4 6. Nce2 Nf6 7. Ng3 Ba6 8. Nf3 e6 9. Bg5 Qa5 10. Rc1 c3 11. Bxa6 Qxa6 12. bxc3 bxc3 13. Bxf6 gxf6 14. Ne2 c2 15. Qxc2 Bb4+ 16. Kf1 c5 17. dxc5 Nc6 18. g3 O-O-O 19. Kg2 Rd3 20. Qb2 e5 21. Nc3 Bxc3 22. Rxc3 Rxc3 23. Qxc3 Qxa4 24. Qe3 Rd8 25. Re1 Nb4 26. Rc1 Nc6 27. Nh4 Qd4 28. Qf3 Qd3 29. Qf5+ Rd7 30. Qxh7 Kc7 31. Qf5 a5 32. Qxf6 a4 33. Qf3 a3 34. Ra1 Qxf3+ 35. Nxf3 Rd3 36. h4 Kd7 37. h5 Ke7 38. h6 Kf6 39. h7 Kg7 40. Ng5 Nd8 41. c6 Nxc6 42. Rh1 Rd8 43. Nxf7 1-0

[Event "88th UKR-ch"]
[Site "Lutsk UKR"]
[Date "2019.12.18"]
[Round "8"]
[White "Shtembuliak, Evgeny"]
[Black "Kryvoruchko, Yuriy"]
[WhiteElo "2600"]
[BlackElo "2675"]
[Result "1/2-1/2"]
[EventDate "2019.12.10"]
[PlyCount "38"]

1. d4 Nf6 2. c4 e6 3. Nc3 Bb4 4. Qc2 O-O 5. e4 d5 6. e5 Ne4 7. Bd3 c5 8. Nf3 cxd4 9. Nxd4 Nd7 10. Bf4 Qh4 11. g3 Qh5 12. O-O Bxc3 13. bxc3 g5 14. Bc1 Nxe5 15. Be2 Qh3 16. cxd5 exd5 17. f3 Nxg3 18. hxg3 Qxg3+ 19. Kh1 Qh3+ 1/2-1/2